000 00510nam a2200133Ia 4500
008 090124s9999 xx 000 0 und d
082 _b34770
245 _a ललित अंक जून 1997 ते दिवाळी अंक 1997
250 _a0
630 _a ललित अंक जून 1997 ते दिवाळी अंक 1997
700 _aकोठावळे अशोक
730 _a ललित अंक जून 1997 ते दिवाळी अंक 1997
942 _cBOOK
999 _c100706
_d100706